Score 0/30 Timer 10:00
0 Plays Today
Hint Answer % Correct
Semi-hard cheese named after a town in North Holland (Netherlands)Edam
69.4%
Style of Brazilian music developed and popularized in 1950s and 1960s, meaning 'new wave' in PortugueseBossa nova
61.1%
The General Framework Agreement for Peace in Bosnia and Herzegovina is also known as the agreement named after what American cityDayton
61.1%
Singer of 'Copperhead Road' and winner of three GrammysSteve Earle
61.1%
He directed La Dolce Vita, 8 1/2, La Strada, and Nights of Cabiria (1957-1963)Frederico Fellini
58.3%
First winner of the Grammy for Hard Rock/Metal (1989), famously beating MetallicaJethro Tull
58.3%
Designer of Mustang, who died in July 2019Lee Iacocca
55.6%
1300-mile-long river in Venezuela and ColombiaOrinoco
55.6%
Colossi of Memnon, Karnak Temple, and the Valley of the Kings are found in this Egyptian cityLuxor
55.6%
Operation Searchlight (1971) lead to the war that liberated this modern-day countryBangladesh
52.8%
District in San Francisco known as the origin of hippie countercultureHaight-Ashbury
52.8%
French film director of Bande a Part and Pierrot le fou, and a pioneer of the 1960s French New Wave in filmJean-Luc Godard
52.8%
Bridge connecting the upper and lower peninsulas of MichiganMackinac
50%
Dominican dictator who ruled 30 years, known for the 1937 “Parsley Massacre” of thousands of Haitians living in the Dominican RepublicRafael Trujillo
50%
Archipelago at the eastern edge of the North Sea stretching from northwest Netherlands, through Germany, to the west of DenmarkFrisian Islands
47.2%
Hint Answer % Correct
French painter and pioneer of the Romantic era, his best known work is The Raft of MedusaThéodore Géricault
47.2%
Traditional main ingredient in root beerSassafras
47.2%
At 2,632, this Baltimore Oriole has the record for most consecutive games playedCal Ripken Jr
44.4%
Japanese analogue of chessShogi
44.4%
The first African-Asian conference (1955) was named after what Indonesian city where it took placeBandung
44.4%
Iran's largest island, situated in the Strait of HormuzQeshm
44.4%
Widely regarded as one of the greatest batsman in history of cricket, he is the only batsman to score 100 international centuriesSachin Tendulkar
44.4%
Author of 'Planet of the Apes'Pierre Boulle
38.9%
Italian Renaissance painter known for his large-format history paintings of religion and mythology such as the Wedding at Cana and the Feast in the house of LeviPaolo Veronese
38.9%
Largest port in Chile and busiest on Western coast of South AmericaSan Antonio
36.1%
10^120 is the lower bound of the possible numbers of games of chess, named after what American mathematicianClaude Shannon
33.3%
Substance used in preparation for artwork consisting of a binder and chalk, gypsum, or a combination of thoseGesso
33.3%
Uprising by members of the Muslim Hui and other Muslim ethnic groups in China's Shaanxi, Gansu and Ningxia provinces between 1862-1877Dungan Revolt
30.6%
Regional style of post-war modern architecture that emerged on Florida's Central West CoastSarasota Modern
27.8%
Creator of PopeyeE.C. Segar
25%

You're not logged in!

Compare scores with friends on all Sporcle quizzes.
OR
Log In

Sporcle TV

Today on Sporcle TV


Watch our educational content, quiz creation guides, and fun videos on Sporcle TV.

Show Comments

Extras

Created Jul 31, 2019ReportNominate
Tags:2019, daniel, July, Learned

Top Quizzes Today


Score Distribution

Paid Content

Your Account Isn't Verified!

In order to create a playlist on Sporcle, you need to verify the email address you used during registration. Go to your Sporcle Settings to finish the process.

Report this User

Report this user for behavior that violates our Community Guidelines.

Details: